ბათუმის შოთა რუსთაველის სახელმწიფო უნივერსიტეტის ბიბლიოთეკა

მამელუკი (ბიბ.ჩანაწერი № 43692)

000 -LEADER
fixed length control field 00708nam a2200205Ia 4500
001 - CONTROL NUMBER
control field 10432
003 - CONTROL NUMBER IDENTIFIER
control field GE_BSU
008 - FIXED-LENGTH DATA ELEMENTS--GENERAL INFORMATION
fixed length control field 181216s||||||||xx |||||||||||||| ||und||
040 ## - CATALOGING SOURCE
Transcribing agency GE_BSU
100 ## - MAIN ENTRY--PERSONAL NAME
Personal name უიარაღო (თათარაშვილი,კონდრატე)
245 ## - TITLE STATEMENT
Title მამელუკი
245 ## - TITLE STATEMENT
Remainder of title მოთხრობა
245 ## - TITLE STATEMENT
Statement of responsibility, etc. რედ:პლ.ბებია; მხატვ:გ.გულისაშვილი, ვ.ტოროტაძე.
260 ## - PUBLICATION, DISTRIBUTION, ETC.
Place of publication, distribution, etc. თბილისი
260 ## - PUBLICATION, DISTRIBUTION, ETC.
Name of publisher, distributor, etc. სახელგამი
260 ## - PUBLICATION, DISTRIBUTION, ETC.
Date of publication, distribution, etc. 1954
300 ## - PHYSICAL DESCRIPTION
Extent 120გვ;21სმ.
653 ## - INDEX TERM--UNCONTROLLED
Uncontrolled term მამელუკი:მოთხრობა
942 ## - ADDED ENTRY ELEMENTS (KOHA)
Koha item type წიგნი
ეგზემპლარები
Withdrawn status Lost status Damaged status Not for loan Date acquired Barcode Date last seen Price effective from Koha item type
        2018-12-17 33999 2018-12-17 2018-12-17 წიგნი
        2018-12-17 34000 2018-12-17 2018-12-17 წიგნი
        2018-12-17 34001 2018-12-17 2018-12-17 წიგნი
        2018-12-17 34002 2018-12-17 2018-12-17 წიგნი